The elements of probability theory and some of its applications /
Guardado en:
| Autor Principal: | |
|---|---|
| Formato: | Libro |
| Idioma: | English Swedish |
| Publicado: |
New York : Stockholm :
Wiley ; Almqvist & Wiksell,
c1955.
|
| Series: | Wiley publications in statistics
|
| Materias: | |
| Etiquetas: |
Agregar Etiqueta
Sin Etiquetas, Sea el primero en etiquetar este registro!
|
| LEADER | 00929cam a2200241ua 4500 | ||
|---|---|---|---|
| 001 | MAT.inmabb006450 | ||
| 008 | 820602s1955####nyua#####b####001#0#eng## | ||
| 005 | 20110228154448.0 | ||
| 245 | 1 | 4 | |a The elements of probability theory and some of its applications / |c by Harald Cramér. |
| 260 | |a New York : |b Wiley ; |a Stockholm : |b Almqvist & Wiksell, |c c1955. | ||
| 300 | |a 281 p. : |b il. ; |c 24 cm. | ||
| 490 | 1 | |a Wiley publications in statistics | |
| 500 | |a Traducción revisada y ampliada del texto sueco de 1949, Sannolikhetskalkylen och några av dess användningar. | ||
| 504 | |a Bibliografía: p. 265. | ||
| 510 | 4 | |a MR, |c 16,722a | |
| 100 | 1 | |a Cramér, Harald, |d 1893-1985. | |
| 240 | 1 | 0 | |a Sannolikhetskalkylen och nagra av dess användningar. |l Inglés |
| 650 | 0 | |a Probabilities. | |
| 084 | |a 60-01 (62-01) |2 msc2000 | ||
| 010 | |a 55000945 | ||
| 040 | |a DLC |c CarP |d DLC | ||
| 041 | 1 | |a eng |h swe | |
| 859 | |h 60 |i C889 |p A-36 |b BIB. MATEMATICA | ||
